000 01108nji a22002657a 4500
005 20100903161258.0
006 a|||||r|||||00| 0
007 sd ammalaaahaa
008 100830t xxu||||| |||| 00| 0 eng d
028 _aN 14405
_bHis Master's Voice
035 _aGR-01922
040 _aSED
_cSED
100 _917455
_aSubbulakshmi, M S
245 _aMeera /
_cby M S Subbulakshmi
_h[sound recording] :
246 _aमीरा / ऍम एस सुब्बुलक्ष्मी
260 _aDum Dum, India
_bHis Master's Voice
300 _a1 sound disc [Gramophone Recording]:
_banalog, 33 1/3 rpm
_c9.5 in. (MP)
_fGramophone Record
500 _aBrief Record
505 _aSide 1 गिरिधर गोपाला (Giridhara Gopala) (ऍम एस सुब्बुलक्ष्मी ) Side 2 में हरी चरण (Mai hari charan) (M S Subbulakshmi)
650 _aClassical music
_zIndia
_91186
_xExcerpts
700 _917416
700 _917456
942 _2ddc
_cGR
999 _c45227
_d45227